| 000 | 00449nam a2200181Ia 4500 | ||
|---|---|---|---|
| 001 | 1992 | ||
| 005 | 20260306143809.0 | ||
| 008 | 260306t2000||||xx |||||||||||||| ||spa|| | ||
| 041 | _aESP | ||
| 082 |
_a159.9 _bA51 |
||
| 100 |
_aDubrovsky, Silvia (comp.) _eAUT |
||
| 245 | 0 |
_aVigotski : _bsu proyeccion en el pensamiento actual |
|
| 260 | _c2000 | ||
| 300 |
_a95 páginas : _c26 cm. |
||
| 650 | _aGEN | ||
| 654 | _aCPS | ||
| 942 |
_cLIB _dJUS _fJUS _2ddc _n |
||
| 999 |
_c1992 _d1992 |
||